000 00844cab a22002175a 4500
001 L142747
008 080305e20080229xxkad f s 000 0 eng d
035 _a(Sirsi) u142747
041 0 _aeng
100 1 _aDuxbury, Nick
245 0 0 _aRegional report
_bHerts, Beds and Bucks
260 _c2008
490 0 _aProperty Week
_v73(9) 29 February 2008, 99-114(8)
520 _aReviews the market news from around the region. Provides a preview of the Eden shopping centre, High Wycombe. Reports on how safety restrictions after the Buncefield explosion are hampering office development in Hemel Hempstead. Discusses plans for a casino in Milton Keynes.
590 _aKA
651 4 _aHertfordshire
651 4 _aBedfordshire
651 4 _aBuckinghamshire
690 _aPROPERTY-COMMERCIAL PROPERTY-COMMERCIAL PROPERTY MARKET
942 _n0
999 _c79936
_d79936